| 000 | 00626cam a2200229 a 4500 | ||
|---|---|---|---|
| 001 | 000007728 | ||
| 005 | 20200929154258.0 | ||
| 008 | 980709s1998 sp 000 f spa d | ||
| 020 | _a8420483702 | ||
| 040 |
_aDO-SdBNP _cPL# _dDLC |
||
| 082 |
_aCu863.44 _bA334c |
||
| 100 | 1 |
_aAlberto, Eliseo, _d1951- _916632 |
|
| 245 | 1 | 0 |
_aCaracol beach / _cEliseo Alberto. |
| 260 |
_aMadrid : _bAlfaguara, _cc1998. |
||
| 300 |
_a365 p. ; _c22 cm. |
||
| 586 | _aPremio Alfaguara, 1998. | ||
| 650 | 4 |
_aNovela cubana _92316 |
|
| 650 | 4 |
_aLiteratura cubana _91483 |
|
| 910 | _aCatalogación por copia / LC | ||
| 910 | _aWM | ||
| 049 | _aBNGR | ||
| 999 |
_c7506 _d7506 |
||